Európska spoločnosť ako typ obchodnej spoločnosti z pohľadu právnej, účtovnej a daňovej legislatívy v podmienkach SR diplomová práca

Uložené v:
Podrobná bibliografia
Hlavný autor: Sládečková, Nina
Korporativný autor: Fakulta hospodárskej informatiky EU. Katedra účtovníctva a audítorstva
Ďalší autori: Ondrušová, Lucia, 1981-
Médium: Kniha
Jazyk:Slovak
Vydavateľské údaje: Bratislava 2014
Tagy: Pridať tag
Žiadne tagy, Buďte prvý, kto otaguje tento záznam!

MARC

LEADER 00000nbm a2200000 4500
001 0188681
005 20170201105353.9
041 0 |a slo 
044 |a SK 
245 1 0 |a Európska spoločnosť ako typ obchodnej spoločnosti z pohľadu právnej, účtovnej a daňovej legislatívy v podmienkach SR  |b diplomová práca  |c Nina Sládečková ; školiteľ: Lucia Ondrušová 
264 1 |a Bratislava  |c 2014 
300 |a 52 s. 
100 1 |a Sládečková, Nina 
700 1 |a Ondrušová, Lucia, 1981- 
710 2 |a Fakulta hospodárskej informatiky EU. Katedra účtovníctva a audítorstva